अंधेरा चिराग (Record no. 38383)

MARC details
000 -LEADER
fixed length control field 00455nam a2200157Ia 4500
008 - FIXED-LENGTH DATA ELEMENTS--GENERAL INFORMATION
fixed length control field 090123s9999 xx 000 0 und d
082 ## - DEWEY DECIMAL CLASSIFICATION NUMBER
Item number 295
100 ## - MAIN ENTRY--PERSONAL NAME
Personal name नंदा गुलशन
245 ## - TITLE STATEMENT
Title अंधेरा चिराग
250 ## - EDITION STATEMENT
Edition statement 0
600 ## - SUBJECT ADDED ENTRY--PERSONAL NAME
Personal name नंदा गुलशन
630 ## - SUBJECT ADDED ENTRY--UNIFORM TITLE
Uniform title अंधेरा चिराग
700 ## - ADDED ENTRY--PERSONAL NAME
Personal name नंदा गुलशन
730 ## - ADDED ENTRY--UNIFORM TITLE
Uniform title अंधेरा चिराग
942 ## - ADDED ENTRY ELEMENTS (KOHA)
Koha item type Book
Holdings
Withdrawn status Lost status Damaged status Not for loan Home library Current library Date acquired Cost, normal purchase price Total Checkouts Full call number Barcode Date last seen Cost, replacement price Price effective from Koha item type
        Jawahar Wachalanalaya, Kalwa Jawahar Wachalanalaya, Kalwa 03/31/2002 2.00   295 KLW-295 01/23/2009 2.00 01/23/2009 Book